تاریخ عالم پر ایک نظر / (Record no. 108786)

MARC details
000 -LEADER
fixed length control field 00923nam a22002657a 4500
005 - DATE AND TIME OF LATEST TRANSACTION
control field 20170123162345.0
010 ## - LIBRARY OF CONGRESS CONTROL NUMBER
LC control number A-550010
020 ## - INTERNATIONAL STANDARD BOOK NUMBER
Terms of availability 160.00
035 ## - SYSTEM CONTROL NUMBER
System control number A-550010
037 ## - SOURCE OF ACQUISITION
Source of stock number/acquisition Cen Lib/Ret
040 ## - CATALOGING SOURCE
Original cataloging agency DPL
Language of cataloging UR
082 ## - DEWEY DECIMAL CLASSIFICATION NUMBER
Classification number 909
Item number ن ہ ر
100 ## - MAIN ENTRY--PERSONAL NAME
Personal name نہرو، جواہر لعل
9 (RLIN) 130022
245 ## - TITLE STATEMENT
Title تاریخ عالم پر ایک نظر /
Statement of responsibility, etc جواہر لعل نہرو
Remainder of title مبارک سفر /
246 ## - VARYING FORM OF TITLE
Title proper/short title Tareekh aalim par ek nazar /
Remainder of title by Jawahar Lal Nehru
260 ## - PUBLICATION, DISTRIBUTION, ETC. (IMPRINT)
Place of publication, distribution, etc لاہور
Name of publisher, distributor, etc تقلیقت پبلشرز
Date of publication, distribution, etc 1992
270 ## - ADDRESS
City لاہور
Address اکرم ارکیدی، ٹیمپل روڈ
300 ## - PHYSICAL DESCRIPTION
Extent 264p.
Dimensions 21cm(Hb)
500 ## - GENERAL NOTE
General note کتابیات
650 ## - SUBJECT ADDED ENTRY--TOPICAL TERM
Topical term or geographic name as entry element تاریخ -- دنیا
9 (RLIN) 509
650 ## - SUBJECT ADDED ENTRY--TOPICAL TERM
Topical term or geographic name as entry element دنیا کی تاریخ پر ایک نظر
9 (RLIN) 130023
650 ## - SUBJECT ADDED ENTRY--TOPICAL TERM
Topical term or geographic name as entry element History -- World
9 (RLIN) 41477
650 ## - SUBJECT ADDED ENTRY--TOPICAL TERM
Topical term or geographic name as entry element World history
9 (RLIN) 130024
942 ## - ADDED ENTRY ELEMENTS (KOHA)
Source of classification or shelving scheme Dewey Decimal Classification
Koha item type Urdu Bks
Classification part 909
Call number suffix ن ہ ر
Holdings
Withdrawn status Lost status Damaged status Not for loan Home library Current library Date acquired Source of acquisition Cost, normal purchase price Total Checkouts Full call number Barcode Date last seen Copy number Cost, replacement price Price effective from Koha item type
        Central Library Central Library 04/02/2016 Cen Lib/Ret 160.00   909 ن ہ ر A-550010 04/02/2016 1 160.00 04/02/2016 Urdu Bks

© Delhi Public Library
Hit Counter
free hit counter